000
00333nam a2200145Ia 4500
008
230718s9999 xx 000 0 und d
041
_a
Eng.
082
_a
368.7
_b
WAR-S
100
_a
Wards, Phoxases
245
0
_a
Suprame Cooer guale
260
_a
Pakistan
_b
Eastern aw hay
_c
2005
300
_a
245
650
_a
Law
999
_c
26742
_d
26742